| 000 | 01161nam a22003497a 4500 | ||
|---|---|---|---|
| 003 | OSt | ||
| 005 | 20230421155841.0 | ||
| 008 | 221006b |||||||| |||| 00| 0 eng d | ||
| 040 | _cBiblioteca Lado V | ||
| 082 |
_a700 _bC837a |
||
| 100 |
_9316 _aCosta Peuser, Diego _eeditor |
||
| 245 |
_aArte al dia/ _bInternacional/ |
||
| 260 |
_bBoca Raton Museum of Art _c2006 _aArgentina |
||
| 300 |
_c20x28cm _a136p. |
||
| 490 |
_v2001 _x1132-8428 _a103 |
||
| 505 | _tInterved Utopias | ||
| 505 | _tGlexis Novoa | ||
| 505 | _tErnesto Berra | ||
| 505 | _tJose Bechara | ||
| 505 | _tGuillermo Perdomo | ||
| 505 | _tCarlos gallardo | ||
| 505 | _tarteamericas 2004 | ||
| 505 | _tReviews | ||
| 650 |
_2Tesauro de Arte & Arquitectura _aARTE _9703 |
||
| 650 |
_2Tesauro de Arte & Arquitectura _aARTE CONTEMPORANEO |
||
| 650 |
_2Tesauro de Arte & Arquitectura _aCULTURA |
||
| 650 |
_2Tesauro de Arte & Arquitectura _aARTE LATINOAMERICANO |
||
| 650 |
_2Tesauro de Arte & Arquitectura _aTEORIA |
||
| 650 |
_2Tesauro de Arte & Arquitectura _aCRITICA |
||
| 650 |
_2Tesauro de Arte & Arquitectura _aARGENTINA |
||
| 942 |
_2ddc _c1 _h700 _iC837a _n0 |
||
| 999 |
_c3445 _d3445 |
||